=LDR 00000nam 2200000 4500 =001 INLIS000000000047049 =005 20150706094714.0 =006 =007 =008 =035 ##$$0010-071500000000019 =082 ##$$a 028.5 =090 ##$$a 028.5 sl a.11.3 =100 ##$$a prof. dr.ahmadtafsir =245 ##$$a ng pengunjung langit =260 ##$$a remajarosdakaryabandung =300 ##$$a hln.35 =850 ##$$a NPBMAT =990 ##$$a 2090100954/BPAP-NTB/2015